01009nam a2200289 i 4500001000700000003000700007005001700014008004100031020001800072080002200090080001900112100002300131245007100154250001200225260004100237300004700278490001500325500001400340504003200354651004600386651004300432700002600475830002300501852005300524999001900577952012300596185572SpMaBN20230906222452.0160718s1984 sp fo |||| | spa d a84-7178-743-1 a008(430)"1918/33" a943.0"1918/33"1 aGay, Peter.95611013aLa cultura de Weimar / cPeter Gay ; [traducción, Nora Catelli]. a1ª ed. aBarcelona : bArgos Vergara, c1984. a219 p., [16] p. de lám. retr. ; c22 cm.1 aEn línea aÍndice. aBibliografía: p. 185-211. 7aAlemania-xVida intelectual-yS.XX.97674 7aAlemania-xHistoria-y1918-1933.976611 aCatelli, Nora.9370550 aEn línea9185682 aES-MaACLjL-30444 z. - Donat. Miguel A. Velasco c185572d185572 00104070aATENEOMbATENEOMcDEPO2d2016-07-18eDONl0oL-30444p1195610r2023-02-23 00:00:00w2023-02-23yMONOGRAFIA